Central Library OPAC University of Rajshahi

Cell biology and genetics / (Record no. 37124)

MARC details
000 -LEADER
fixed length control field 01046nam a22003134a 4500
001 - CONTROL NUMBER
control field 37124
003 - CONTROL NUMBER IDENTIFIER
rucl marc code BD-RjUL
005 - DATE AND TIME OF LATEST TRANSACTION
control field 20211209052559.0
008 - FIXED-LENGTH DATA ELEMENTS--GENERAL INFORMATION
fixed length control field 191020s1998 cauab b 001 0 eng
020 ## - INTERNATIONAL STANDARD BOOK NUMBER
International Standard Book Number 0495125784 (alk. paper)
035 ## - SYSTEM CONTROL NUMBER
System control number (BD-RjUL)37226
040 ## - CATALOGING SOURCE
Original cataloging agency DLC
Transcribing agency DLC
Modifying agency DLC
Language of cataloging eng
041 ## - LANGUAGE CODE
Language code of text/sound track or separate title eng
082 00 - DEWEY DECIMAL CLASSIFICATION NUMBER
Classification number 571.6
Edition number 22
Author mark and year STC 1998
100 ## - MAIN ENTRY--PERSONAL NAME
Personal name Starr, Cecie
9 (RLIN) 113513
245 10 - TITLE STATEMENT
Title Cell biology and genetics /
Statement of responsibility, etc. Cecie Starr and Ralph Taggart.
250 ## - EDITION STATEMENT
Edition statement 8th ed.
260 ## - PUBLICATION, DISTRIBUTION, ETC. (IMPRINT)
Place of publication, distribution, etc. Belmont, CA :
Name of publisher, distributor, etc. Thomson/Brooks Cole,
Date of publication, distribution, etc. 1998
300 ## - PHYSICAL DESCRIPTION
Pagination xvi, 268, [47] p. :
Illustrations ill. (chiefly col.), col. maps ;
Size 28 cm.
500 ## - GENERAL NOTE
General note Originally published as chap. 1-16 of Biology : the unity and diversity of life, 11th ed., c2006.
504 ## - BIBLIOGRAPHY, ETC. NOTE
Bibliography, etc Includes bibliographical references and index.
650 #0 - SUBJECT ADDED ENTRY--TOPICAL TERM
Topical term or geographic name as entry element Cytology.
9 (RLIN) 113510
Topical term or geographic name as entry element Genetics.
9 (RLIN) 113511
700 1# - ADDED ENTRY--PERSONAL NAME
Personal name Taggart, Ralph
942 ## - ADDED ENTRY ELEMENTS (KOHA)
Source of classification or shelving scheme Dewey Decimal Classification
Koha item type Books
Holdings
Lost status Source of classification or shelving scheme Damaged status Not for loan Permanent Location Current Location Shelving location Date acquired Source of acquisition Cost, normal purchase price Total Checkouts Full call number Date last seen Copy number Koha item type
  Dewey Decimal Classification   Not For Loan Institute of Biological Sciences (IBSc) Library Institute of Biological Sciences (IBSc) Library   19/10/2014 Karim International 7798.00   571.6 STC 1998 19/10/2014 C-1 Books